[Event "EU-ch U12 Girls"]
[Site "Prague"]
[Date "2024.08.23"]
[Round "2"]
[White "Tolmaceva, Alona"]
[Black "Goncalves, Beatriz MAC Nunes"]
[Result "1-0"]
[WhiteElo "1766"]
[BlackElo "1615"]
[PlyCount "107"]
[EventDate "2024.08.22"]
[EventType "swiss"]
[EventRounds "9"]
[EventCountry "CZE"]
[SourceTitle "CBM 221 Extra"]
[Source "ChessBase"]
[SourceDate "2024.09.30"]
[SourceVersion "1"]
[SourceVersionDate "2024.09.30"]
[SourceQuality "1"]

1. d4 d5 2. Bf4 Nf6 3. e3 e6 4. Nd2 c5 5. c3 Nc6 6. Ngf3 Bd6 7. Bg3 0-0 8. Bb5 a6 9. Bxc6 bxc6 10. Qa4 Qc7 11. dxc5 Bxg3 12. hxg3 e5 13. e4 Bb7 14. Qc2 Rfe8 15. Kf1 Qa5 16. b4 Qb5+ 17. Kg1 a5 18. a4 Qa6 19. exd5 cxd5 20. b5 Qe6 21. Ng5 Qc8 22. c6 Bxc6 23. bxc6 e4 24. Nb3 h6 25. Nh3 Qxc6 26. Nd4 Qb6 27. Rb1 Qc5 28. Rb5 Qa3 29. Nf4 Ng4 30. Rh4 Nf6 31. Nxd5 Nxd5 32. Rxd5 Qa1+ 33. Kh2 Qe1 34. c4 Rab8 35. Qe2 Qa1 36. Rxe4 Rec8 37. Rde5 Rb1 38. Re8+ Rxe8 39. Rxe8+ Kh7 40. Qe4+ g6 41. g4 Rh1+ 42. Kg3 Qa3+ 43. Nf3 Qd6+ 44. Qe5 Qxe5+ 45. Rxe5 Rc1 46. Rxa5 Rxc4 47. Ra7 Kg7 48. Ne5 Rc3+ 49. f3 Kf6 50. Nxf7 Rc5 51. Nxh6 Kg5 52. f4+ Kxh6 53. g5+ Kh5 54. Rh7# 1-0